root fruits - Statistics

General Stats
  • This quiz has been taken 7 times
  • The average score is 7 of 9
Answer Stats
Hint Answer % Correct
beets betor
100%
carrot morot
100%
potato potatis
100%
sugar beet sockerbeta
100%
artichoke jordärtskocka
67%
parsnip palsternacka
67%
horseraddish pepparrot
67%
rutabaga kålrot
33%
celeriac rotselleri
33%
No matching quizzes found
Score Distribution
Percent of People with Each Score
Percentile by Number Answered
Your Score History
You have not taken this quiz